| 000 | 00515nam a22001697a 4500 | ||
|---|---|---|---|
| 999 |
_c184171 _d184171 |
||
| 005 | 20220113162806.0 | ||
| 010 | _aENG-131115 | ||
| 020 |
_a978-93-5442-009-2 _c695.00 |
||
| 035 | _aEN-114647 | ||
| 037 | _bDBAD | ||
| 082 | _a362.196241400954 | ||
| 245 |
_aIndia and the Pandemic: _bThe First Year/ |
||
| 260 |
_aTelangana _bOrient Blackswan Private Limited _c2020 |
||
| 270 |
_bTelangana _a3-6-752 Himayatnagar _e500029 |
||
| 300 |
_a335p. _c21cm(pbk) |
||
| 942 |
_2ddc _cEN _h362.196241400954 _mIND |
||